[Event "SRB-chT2 West"]
[Site "Serbia"]
[Date "2006.10.26"]
[Round "7.6"]
[White "Djordjevic, Gradimir"]
[Black "Misojcic, Miroslav"]
[Result "1/2-1/2"]
[WhiteElo "2290"]
[BlackElo "2288"]
[PlyCount "70"]
[EventDate "2006.09.09"]
[EventType "team"]
[EventRounds "11"]
[EventCountry "SRB"]
[SourceTitle "EXT 2012"]
[Source "ChessBase"]
[SourceDate "2011.11.24"]
[SourceVersion "1"]
[SourceVersionDate "2011.11.24"]
[SourceQuality "1"]

1. c4 e6 2. Nc3 d5 3. d4 c5 4. cxd5 exd5 5. Nf3 Nc6 6. e3 Nf6 7. Be2 cxd4 8. exd4 Be7 9. 0-0 0-0 10. Ne5 Bd6 11. Bf4 Re8 12. Nxc6 bxc6 13. Bxd6 Qxd6 14. Bf3 Ba6 15. Re1 Rxe1+ 16. Qxe1 Re8 17. Qd2 Ne4 18. Qc2 Ng5 19. Be2 Bxe2 20. Nxe2 Ne6 21. Rc1 g6 22. g3 Rb8 23. b3 Rc8 24. Qd2 Qe7 25. Kg2 Qf6 26. h4 h5 27. b4 Qd8 28. Nf4 Nxf4+ 29. Qxf4 Qb6 30. g4 Re8 31. gxh5 Re4 32. Qf6 Re6 33. Qf4 Re4 34. Qf6 Re6 35. Qf4 Re4 1/2-1/2

[Event "SRB-chT2 West"]
[Site "Serbia"]
[Date "2006.10.07"]
[Round "5.5"]
[White "Dumic, Marko"]
[Black "Djordjevic, Gradimir"]
[Result "1/2-1/2"]
[WhiteElo "2139"]
[BlackElo "2290"]
[PlyCount "107"]
[EventDate "2006.09.09"]
[EventType "team"]
[EventRounds "11"]
[EventCountry "SRB"]
[SourceTitle "EXT 2012"]
[Source "ChessBase"]
[SourceDate "2011.11.24"]
[SourceVersion "1"]
[SourceVersionDate "2011.11.24"]
[SourceQuality "1"]

1. d4 d5 2. c4 e6 3. Nc3 Nf6 4. Bg5 Nbd7 5. e3 c6 6. Nf3 Be7 7. Rc1 0-0 8. Bd3 dxc4 9. Bxc4 Nd5 10. Bxe7 Qxe7 11. 0-0 Nxc3 12. Rxc3 e5 13. dxe5 Nxe5 14. Nxe5 Qxe5 15. f4 Qf6 16. e4 Rd8 17. Rd3 Bg4 18. e5 Bxd1 19. exf6 Rxd3 20. Bxd3 Bg4 21. fxg7 Rd8 22. Bc2 Rd2 23. Rf2 Be2 24. Bb3 c5 25. f5 c4 26. Ba4 a6 27. f6 b5 28. Rf4 bxa4 29. Re4 Rd1+ 30. Kf2 Rf1+ 31. Kxe2 Rxf6 32. Rxc4 Rb6 33. Rc2 Kxg7 34. Kd2 Kg6 35. a3 h5 36. Kc1 Rf6 37. Kb1 Rf1+ 38. Ka2 Kg5 39. g3 f5 40. Rc4 f4 41. Rxa4 fxg3 42. hxg3 Rf3 43. Rxa6 Rxg3 44. Ra8 h4 45. a4 Rg4 46. Ka3 h3 47. Rh8 Rh4 48. Rg8+ Kf5 49. Rg1 h2 50. Rh1 Ke5 51. a5 Kd6 52. b4 Kc6 53. Ka4 Kb7 54. Kb5 1/2-1/2